000 00731nam a2200241 a 4500
001 BRCA_8112
005 20190320210133.0
008 090414s1966----enka###f##---#001-0#eng-#
041 _aeng
044 _aenk
050 4 _aNK1125
_b.I58 1966
245 1 0 _aThe International Antiques Yearbook 1965-1966
_bone guinea
_cedited by Philip Wilson.
260 _aLondres
_bStudio Vista
_c1966
300 _a1006 p.
_bil.
_c18 cm.
500 _aVer también Y58 e Y97
500 _aY164
650 1 4 _aAntigüedades
_vDiccionarios y enciclopedias
_919803
650 1 4 _aObras de arte
_vColecciones y coleccionistas
_919804
650 1 4 _aArte
_vCatálogos
_94925
700 1 _aWilson, Philip
_eed.
_920195
902 _aGFM
942 _2lcc
_cB
999 _c7780
_d7780